000 00818nmc a2200277 a 4500
003 AR-BaBNM
005 20251128205033.0
008 011101s1995 ||||||||||||||000 | spa||
020 _a950-550-131-5
040 _cAR-BaBNM
100 1 _aDellepiane, Alicia Marta
245 1 0 _aMatemática para la educación inicial
260 _aBuenos Aires
_bMagisterio del Río de la Plata
_c1995
300 0 _a110 p.
_bdiagr.
490 0 _aRespuestas educativas
504 _aBibliografía: p. 109
650 4 _aENSENANZA DE LAS MATEMATICAS
650 4 _aJUEGOS EDUCATIVOS
650 4 _aTECNICAS DE ENSENANZA
653 0 _aEDUCACION INICIAL
653 0 _aJARDINES DE INFANTES
800 1 _aStarico de Accomo, Mabel Nelly
_edirector
800 1 _aWischñevsky, Amalia
_ecoordinador
942 _cBK
998 _csilvi
999 _c9737
_d9737